000 01066nam a22002657a 4500
005 20170124102940.0
010 _aA-224469
020 _c60.00
035 _aA-224469
037 _bCen Lib/Ret
040 _aDPL
_bHN
082 _a821.08
_bरस्तोगी
100 _aरस्तोगी , देवी शरण
_945979
245 _aनैतिकता और काव्य /
_c देवी शरण रस्तोगी
246 _aNaitikta or kavya
_bby Devi Sharan Rastogi
260 _aमेरठ
_bकल्पना प्रकाशन
_c1982
270 _aमेरठ
_bमेरठ
300 _a191पृष्ठ.
_c20सेमी (सजिल्द)
500 _aसहायक ग्रन्थ सूची शामिल
650 _aहिंदी साहित्य
_948093
650 _aनीतिकाव्य -हिंदी
_9232
650 _ahindi literature
_948094
650 _aNitikawy -hindi
_948095
942 _2ddc
_cHN
_h821.08
_mरस्तोगी
999 _c112538
_d112538